00683nam a2200193Ia 4500003000900000008004100009040001600050080002000066100002100086245009500107260003500202300001400237650004100251650003200292650002200324942000700346999001500353952012100368IN-BaIIA211028s9999 xx 000 0 eng d cIIA Library a53.08(035)bSUM aSummer, W.95081 0aPhysical laboratory handbookcW. Summer  aLondonbSir Isaac Pitmanc1966 axi, 610p. aAstronomy and astrophysics thesaurus aHandbooks - materials95082 aInstruments92005 cBK c2848d2848 00104070aBANbBANcGENd1967-03-30g89.25l0o53.08(035)/ SUMp3170r2021-11-05v89.25w1967-03-30yBKGRs. 89.25